| 000 | 00362nam a2200133Ia 4500 | ||
|---|---|---|---|
| 008 | 220204s9999 xx 000 0 und d | ||
| 082 |
_a31:631 _bMAN |
||
| 100 | _aMandal, R C | ||
| 245 | 0 | _aAgricultural statistics: Techniques and procedures | |
| 260 |
_aBikaner _bAgro Botanica _c1999 |
||
| 650 | _aBiometric genetics | ||
| 700 | _aNambiar, P T N | ||
| 942 | _cBK | ||
| 999 |
_c41445 _d41445 |
||